Statystyki dla 100 najdrozszych napastnikow swiata

Kliknij tutaj aby rozwiązać quiz!

Ogólne statystyki

  • Ten quiz został rozwiązany 50 razy
  • Średni wynik to 29 z 100

Statystyki odpowiedzi

HintOdpowiedź% Poprawnych
180mlnMbappe
95%
180mlnHaaland
90%
35mlnMessi
80%
150mlnVini
70%
110mlnKane
63%
75mlnRashford
63%
100mlnRodrygo
58%
120mlnSaka
58%
65mlnSalah
58%
75mlnJesus
53%
100mlnMartinez
53%
50mlnNeymar
50%
50mlnSterling
50%
65mlnNunez
48%
120mlnOsimhen
48%
75mlnSane
48%
70mlnVlahovic
48%
80mlnAlvarez
45%
60mlnDembele
45%
110mlnFoden
45%
50mlnSon
45%
75mlnGrealish
43%
50mlnJota
43%
80mlnMartinelli
43%
35mlnTorres
43%
50mlnAntony
40%
75mlnDiaz
40%
65mlnHojlund
40%
40mlnLukaku
40%
90mlnLeao
38%
32mlnSancho
38%
55mlnGakpo
35%
55mlnGnabry
35%
70mlnIsak
35%
85mlnKvara
35%
40mlnRicharlison
35%
45mlnChiesa
33%
35mlnJackson
33%
80mlnKolo Muani
33%
60mlnRaphinha
33%
30mlnDybala
30%
50mlnFelix
30%
45mlnMudryk
30%
50mlnRamos
30%
60mlnDoku
28%
35mlnFati
28%
30mlnNketiah
28%
55mlnWatkins
28%
35mlnAdeyemi
25%
65mlnComan
25%
55mlnDiaby
25%
40mlnOyarzabal
25%
50mlnYamal
25%
50mlnMitoma
23%
40mlnThuram
23%
35mlnToney
23%
35mlnTrossard
23%
40mlnBoniface
20%
48mlnBowen
20%
65mlnFerguson
20%
50mlnKulusevski
20%
35mlnMalen
20%
70mlnSimons
20%
60mlnDavid
18%
50mlnKubo
18%
32mlnPedro
18%
32mlnRoque
18%
50mlnTel
18%
40mlnWilliams
18%
35mln | 45mlnGordon
15%
35mlnMbeumo
15%
50mlnOlise
15%
45mlnOpenda
15%
35mlnRaspadori
15%
35mlnAbraham
13%
32mlnAlmiron
13%
30mlnBalogun
13%
30mlnCorrea
13%
35mlnGonzalez
13%
48mlnJohnson
13%
32mlnNeto
13%
30mlnAwoniyi
10%
40mlnGimenez
10%
32mlnGoncalves
10%
30mlnMadueke
10%
30mlnMoukoko
10%
30mlnTerrier
10%
40mlnWahi
10%
30mlnZaccagni
10%
30mlnEdwards
8%
35mlnGouiri
8%
32mlnGyokeres
8%
30mlnSesko
8%
35mlnBarcola
5%
40mlnGuirassy
5%
30mlnMalcom
5%
35mlnOtavio
5%
35mlnPino
5%
30mlnLookmann
3%

Rozkład punktacji

Percentyl według liczby udzielonych odpowiedzi

Procent ludzi z każdym wynikiem

Twoja historia wyników

Nie rozwiązałeś tego quizu